000 00649nam a2200193 a 4500
001 000005429
005 20200929151657.0
008 090819s1988 es a 001 spa d
020 _a8475286674
040 _aDO-SdBNP
082 _a016.913
_bC238l
100 1 _aCapel, Horacio
_915416
245 1 3 _aEl libro de geografía en España, 1800 - 1939 /
_cHoracio Capel, Jordi Solé, Luis Urteaga.
260 _aBarcelona, :
_bConsejo superior de Investigaciones Científicas,
_c1988.
300 _a213 p. :
_bil ;
_c25 cm.
500 _aIncluye tabla de contenido
650 4 _aGeografia
_xTratados, manuales, etc.
_xBibliografia
_915417
049 _aBNPD
999 _c5229
_d5229